Habilidades gerenciales (Record no. 61380)

MARC details
000 -LEADER
campo de control de longitud fija 01557nac a2200301 a 4500
003 - IDENTIFICADOR DE NÚMERO DE CONTROL
campo de control CO-PeBPM
005 - FECHA Y HORA DE LA ÚLTIMA TRANSACCIÓN
campo de control 20251024201521.0
008 - DATOS DE LONGITUD FIJA--INFORMACIÓN GENERAL
campo de control de longitud fija 251024s2024 ck a|||| |||| 00| 0 spa d
020 ## - NÚMERO INTERNACIONAL ESTÁNDAR DEL LIBRO
Número Internacional Estándar del Libro 9789585084582
040 ## - FUENTE DE CATALOGACIÓN
Centro catalogador/agencia de origen CO-PeBPM
Lengua de catalogación spa
Centro/agencia transcriptor CO-PeBPM
Normas de descripción rda
041 ## - CÓDIGO DE IDIOMA
Código de lengua del texto/banda sonora o título independiente spa
082 04 - NÚMERO DE LA CLASIFICACIÓN DECIMAL DEWEY
Número de clasificación 658.4 A779h
Número de edición 22
100 1# - ENTRADA PRINCIPAL--NOMBRE DE PERSONA
Nombre de persona Arroyo, Tovar Ruth
Término indicativo de función/relación autora
245 10 - MENCIÓN DEL TÍTULO
Título Habilidades gerenciales
Resto del título : Desarrollo de destrezas, competencias y actitud
Mención de responsabilidad, etc. / Ruth Arroyo Tovar
250 ## - MENCION DE EDICION
Mención de edición Edición especial
260 ## - PUBLICACIÓN, DISTRIBUCIÓN, ETC.
Lugar de publicación, distribución, etc. Bogotá, Colombia
Nombre del editor, distribuidor, etc. : Ecoe Ediciones
Fecha de publicación, distribución, etc. , 2024
300 ## - DESCRIPCIÓN FÍSICA
Extensión 389 páginas
Otras características físicas ilustraciones en blanco y negro
Dimensiones 23,5 centimetros
490 ## - MENCIÓN DE SERIE
Mención de serie Plan Nacional de Lectura, Escritura y Oralidad / Ministerio de Cultura, Las Artes y los Saberes
500 ## - NOTA GENERAL
Nota general Incluye índice
500 ## - NOTA GENERAL
Nota general Contiene datos biográficos del autor en la solapa del texto
504 ## - NOTA DE BIBLIOGRAFÍA, ETC.
Nota de bibliografía, etc. Incluye Referencias bibliográficas al final del texto
520 ## - RESUMEN, ETC.
Sumario, etc. Las habilidades gerenciales son competencias blandas que complementan el ser individual, integrando comportamiento, valores, actitud y voluntad. Estas habilidades permiten trabajar eficazmente con otros, comunicarse y obtener resultados. Este libro aborda estas competencias necesarias para el liderazgo, la gestión emocional, la creatividad, la toma de decisiones y el trabajo en equipo.
650 14 - PUNTO DE ACCESO ADICIONAL DE MATERIA--TÉRMINO DE MATERIA
Término de materia o nombre geográfico como elemento de entrada Aptitud de mando
Fuente del encabezamiento o término LEMB
650 14 - PUNTO DE ACCESO ADICIONAL DE MATERIA--TÉRMINO DE MATERIA
Término de materia o nombre geográfico como elemento de entrada Liderazgo empresarial
Fuente del encabezamiento o término LEMB
650 14 - PUNTO DE ACCESO ADICIONAL DE MATERIA--TÉRMINO DE MATERIA
Término de materia o nombre geográfico como elemento de entrada Éxito en los negocios
Fuente del encabezamiento o término LEMB
942 ## - ELEMENTOS DE ENTRADA SECUNDARIOS (KOHA)
Fuente del sistema de clasificación o colocación Clasificación Decimal Dewey
Tipo de ítem Koha Libros
Suprimir en OPAC No
Holdings
Estatus retirado Estado de pérdida Fuente del sistema de clasificación o colocación Estado de daño No para préstamo Colección Biblioteca de origen Biblioteca actual Ubicación en estantería Fecha de adquisición Fuente de adquisición Total de préstamos Signatura topográfica completa Código de barras Visto por última vez Copia número Precio de reemplazo Tipo de ítem Koha
    Clasificación Decimal Dewey     General BIBLIOTECA PÚBLICA MUNICIPAL RAMON CORREA MEJIA BIBLIOTECA PÚBLICA MUNICIPAL RAMON CORREA MEJIA Colección general 24/09/2025 Donación Biblioteca Nacional   658.4 A779h 62822 24/10/2025 Ej. 1 24/10/2025 Libros

Powered by Koha